000
00329nam a2200133Ia 4500
008
191201s2003 xx 000 0 und d
100
_a
Muthusawmy, R
245
0
_a
Technology of Fabric Manufacture 1
250
_a
1st
260
_a
N.Delhi
_b
S S M Institute
_c
2003
300
_a
347
650
_a
B.Tech(TE)
942
_2
ddc
_c
BK
_0
25
999
_c
2237
_d
2237